Pays européens consommant le plus de viande - Statistiques

Statistiques générales
  • Ce quiz a été pris 763 fois
  • Le résultat moyen est 8 sur 12
Statistiques - réponses
Kg/Pers. pays % Correct
87.2 France
100%
97 Espagne
94%
88.1 Allemagne
93%
90.7 Italie
92%
93.4 Portugal
85%
85.5 Pays-Bas
61%
102 Autriche
59%
87.9 Irlande
57%
95 Danemark
46%
107.9 Luxembourg
36%
86.2 Islande
32%
88.3 Slovenie
28%
Aucun quiz correspondant
Distribution des résultats
% des personnes avec chaque résultat
Percentile par nombre de réponses
Votre historique - résultats
Vous n’avez pas pris ce quiz